<?xml version="1.0" encoding="UTF-8"?>
<record
    xmlns:xsi="http://www.w3.org/2001/XMLSchema-instance"
    xsi:schemaLocation="http://www.loc.gov/MARC21/slim http://www.loc.gov/standards/marcxml/schema/MARC21slim.xsd"
    xmlns="http://www.loc.gov/MARC21/slim">

  <leader>00539nam a22001577a 4500</leader>
  <controlfield tag="008">230331b        |||||||| |||| 00| 0 eng d</controlfield>
  <datafield tag="040" ind1=" " ind2=" ">
    <subfield code="a">National Science Library</subfield>
    <subfield code="c">National Science Library</subfield>
  </datafield>
  <datafield tag="080" ind1=" " ind2=" ">
    <subfield code="a">D 778.14:619(063)</subfield>
    <subfield code="b">K2</subfield>
  </datafield>
  <datafield tag="245" ind1=" " ind2=" ">
    <subfield code="a">Proceedings of the eleventh annual meeting and convention</subfield>
    <subfield code="c">/ The National Microfilm Association</subfield>
  </datafield>
  <datafield tag="260" ind1=" " ind2=" ">
    <subfield code="a">Maryland: </subfield>
    <subfield code="b">The National Microfilm Association, </subfield>
    <subfield code="c">1962</subfield>
  </datafield>
  <datafield tag="300" ind1=" " ind2=" ">
    <subfield code="a">360p.</subfield>
  </datafield>
  <datafield tag="650" ind1=" " ind2=" ">
    <subfield code="a">Information science</subfield>
  </datafield>
  <datafield tag="653" ind1=" " ind2=" ">
    <subfield code="a">Meeting</subfield>
  </datafield>
  <datafield tag="700" ind1=" " ind2=" ">
    <subfield code="a">Tate, Vernon D (Ed.)</subfield>
  </datafield>
  <datafield tag="942" ind1=" " ind2=" ">
    <subfield code="2">udc</subfield>
    <subfield code="c">PR</subfield>
  </datafield>
  <datafield tag="999" ind1=" " ind2=" ">
    <subfield code="c">17396</subfield>
    <subfield code="d">17396</subfield>
  </datafield>
  <datafield tag="952" ind1=" " ind2=" ">
    <subfield code="0">0</subfield>
    <subfield code="1">0</subfield>
    <subfield code="2">udc</subfield>
    <subfield code="4">0</subfield>
    <subfield code="6">D_77814619063_K2</subfield>
    <subfield code="7">0</subfield>
    <subfield code="9">25866</subfield>
    <subfield code="a">NSL</subfield>
    <subfield code="b">NSL</subfield>
    <subfield code="c">GF/Rk-4/C-19/R-5</subfield>
    <subfield code="d">1965-06-21</subfield>
    <subfield code="h">Vol. 11</subfield>
    <subfield code="l">0</subfield>
    <subfield code="o">D 778.14:619(063) K2</subfield>
    <subfield code="p">12836</subfield>
    <subfield code="r">2023-03-31 00:00:00</subfield>
    <subfield code="w">2023-03-31</subfield>
    <subfield code="y">PR</subfield>
  </datafield>
  <datafield tag="952" ind1=" " ind2=" ">
    <subfield code="0">0</subfield>
    <subfield code="1">0</subfield>
    <subfield code="2">udc</subfield>
    <subfield code="4">0</subfield>
    <subfield code="6">D_77814063_K2</subfield>
    <subfield code="7">0</subfield>
    <subfield code="9">25870</subfield>
    <subfield code="a">NSL</subfield>
    <subfield code="b">NSL</subfield>
    <subfield code="c">GF/Rk-4/C-19/R-5</subfield>
    <subfield code="d">1965-06-21</subfield>
    <subfield code="h">Vol. 11</subfield>
    <subfield code="l">0</subfield>
    <subfield code="o">D 778.14(063) K2</subfield>
    <subfield code="p">10319</subfield>
    <subfield code="r">2023-03-31 00:00:00</subfield>
    <subfield code="w">1965-06-21</subfield>
    <subfield code="y">PR</subfield>
  </datafield>
  <datafield tag="952" ind1=" " ind2=" ">
    <subfield code="0">0</subfield>
    <subfield code="1">0</subfield>
    <subfield code="2">udc</subfield>
    <subfield code="4">0</subfield>
    <subfield code="6">D_77814063_K2</subfield>
    <subfield code="7">0</subfield>
    <subfield code="9">25872</subfield>
    <subfield code="a">NSL</subfield>
    <subfield code="b">NSL</subfield>
    <subfield code="c">GF/Rk-4/C-19/R-5</subfield>
    <subfield code="d">1965-06-21</subfield>
    <subfield code="h">Vol. 11</subfield>
    <subfield code="l">0</subfield>
    <subfield code="o">D 778.14(063) K2</subfield>
    <subfield code="p">2663</subfield>
    <subfield code="r">2023-03-31 00:00:00</subfield>
    <subfield code="w">1965-06-21</subfield>
    <subfield code="y">PR</subfield>
  </datafield>
</record>
